| 000 | 00710nam a22001337a 4500 | ||
|---|---|---|---|
| 040 | _cRUA | ||
| 082 | _aAGR SOM 2013 B053 Or.1 | ||
| 100 | _aSOM, NAT. | ||
| 245 | _agrain quality of chul'sa phka romeat and car4 in different temperature and storage conditions (គុណភាពគ្រាប់អង្ករ ជលសារ ផ្ការមៀត និង ខា៤ នៅក្នុងសក្ខខណ្ឌសីតុណ្ហភាព នីងរយៈពេលស្តុកទុកខុសៗគ្នា) | ||
| 260 |
_aPhnom Penh _bRUA _c2013 |
||
| 300 |
_aix, 38p. _bill. _c29cm. |
||
| 856 | _uhttps://drive.google.com/file/d/1-VX1R_58XhbHH4QzuxA53N3nbB0jqaUt/view?usp=sharing | ||
| 942 | _cAGR | ||
| 999 |
_c1379 _d1379 |
||